00571nam a2200145Ia 4500008004100000082002400041100002400065245011600089260002400205300001100229502001000240650005700250952010100307999001700408121101s9999 xx 000 0 und d aT 005.426 S231i S/F aSantander, J. Angel aLa Importancia del proceso administrativo en la implementación de un centro de cómputo / J. Angel Santander aMéxico : El Autor a115 p. aTESIS a1. ADMINISTRACIÓN (CIENCIA DE LAS COMPUTADORAS)Ì 00104070a12b12d2008-11-28l0oT 005.426 S231I S/Fp12 002800r2015-04-22t1w2012-11-01yLB c87895d87895